甘肃省下辖县级行政区地图 County-level administrative divisions of Gansu - Statistics

General Stats
  • This quiz has been taken 763 times
  • The average score is 56 of 87
Answers on the Map
Answers color-coded by a green-red scale on the quiz's map according to % correct below.
 
Answer Stats
县级类 地名 % Correct
不统计 嘉峪关市
94%
县级市 敦煌市
92%
县级市 临夏市
86%
临夏县
86%
自治县 肃北蒙古族自治县
83%
市辖区 肃州区
82%
瓜州县
81%
县级市 玉门市
81%
市辖区 城关区
81%
市辖区 甘州区
80%
市辖区 白银区
78%
自治县 肃南裕固族自治县
78%
县级市 合作市
77%
市辖区 麦积区
76%
榆中县
75%
民勤县
75%
市辖区 凉州区
74%
自治县 阿克塞哈萨克族自治县
73%
市辖区 七里河区
73%
山丹县
73%
皋兰县
72%
市辖区 红古区
72%
市辖区 西固区
71%
自治县 天祝藏族自治县
71%
文县
70%
环县
70%
永登县
69%
自治县 积石山保安族东乡族撒拉族自治县
69%
市辖区 崆峒区
69%
市辖区 金川区
68%
金塔县
68%
会宁县
67%
舟曲县
67%
市辖区 秦州区
67%
陇西县
66%
两当县
66%
市辖区 武都区
66%
景泰县
65%
玛曲县
65%
市辖区 安宁区
65%
徽县
65%
永昌县
64%
自治县 东乡族自治县
64%
自治县 张家川回族自治县
64%
成县
63%
礼县
63%
古浪县
63%
高台县
63%
岷县
62%
县级市 华亭市
62%
庆城县
62%
靖远县
61%
民乐县
61%
渭源县
60%
碌曲县
60%
市辖区 安定区
59%
临洮县
59%
夏河县
59%
卓尼县
59%
市辖区 西峰区
59%
甘谷县
59%
临泽县
59%
市辖区 平川区
58%
漳县
58%
宕昌县
58%
秦安县
58%
通渭县
57%
迭部县
57%
康县
57%
泾川县
56%
宁县
56%
临潭县
55%
静宁县
55%
清水县
55%
永靖县
54%
西和县
54%
庄浪县
54%
武山县
53%
华池县
52%
和政县
51%
广河县
50%
康乐县
50%
正宁县
48%
合水县
47%
镇原县
47%
崇信县
45%
灵台县
45%
No matching quizzes found
Score Distribution
Percent of People with Each Score
Percentile by Number Answered
Your Score History
You have not taken this quiz